[Event "Rybinsk op"]
[Site "Rybinsk"]
[Date "2009.06.16"]
[Round "5"]
[White "Zhukov, Daniil"]
[Black "Baranov, Roman"]
[Result "1/2-1/2"]
[WhiteElo "2059"]
[BlackElo "2134"]
[PlyCount "51"]
[EventDate "2009.06.14"]
[EventType "swiss"]
[EventRounds "9"]
[EventCountry "RUS"]
[SourceTitle "CBM 131 Extra"]
[Source "ChessBase"]
[SourceDate "2009.09.03"]
[SourceVersion "2"]
[SourceVersionDate "2009.09.16"]
[SourceQuality "1"]

1. e4 c5 2. Nf3 d6 3. d4 cxd4 4. Nxd4 Nf6 5. Nc3 g6 6. f3 Bg7 7. Be3 0-0 8. Bc4 Nc6 9. Qd2 Bd7 10. 0-0-0 Qa5 11. g4 Rfc8 12. Bb3 Ne5 13. h4 Rc4 14. f4 Rxd4 15. Qxd4 Nexg4 16. Qd2 Nxe3 17. Qxe3 Ng4 18. Qd2 Bxc3 19. bxc3 Qb6 20. Rde1 a5 21. f5 a4 22. Bd5 e6 23. fxe6 fxe6 24. Bc4 Ne5 25. Bd3 a3 26. h5 1/2-1/2